Examples illustrating AACR 2 1988 Revision (Record no. 10300)

MARC details
000 -LEADER
fixed length control field 00526nam a2200169Ia 4500
003 - CONTROL NUMBER IDENTIFIER
control field IN-BaIIA
008 - FIXED-LENGTH DATA ELEMENTS--GENERAL INFORMATION
fixed length control field 211028s9999 xx 000 0 eng d
020 ## - INTERNATIONAL STANDARD BOOK NUMBER
International Standard Book Number 0-85365-649-5
040 ## - CATALOGING SOURCE
Transcribing agency IIA Library
100 ## - MAIN ENTRY--PERSONAL NAME
Personal name Hunter, Eric J.
9 (RLIN) 17513
245 #0 - TITLE STATEMENT
Title Examples illustrating AACR 2 1988 Revision
Statement of responsibility, etc. Hunter, Eric J
260 ## - PUBLICATION, DISTRIBUTION, ETC.
Place of publication, distribution, etc. London
Name of publisher, distributor, etc. The Library Association
Date of publication, distribution, etc. 1989
300 ## - PHYSICAL DESCRIPTION
Extent xi,234p.
650 ## - SUBJECT ADDED ENTRY--TOPICAL TERM
Topical term or geographic name entry element AACR
9 (RLIN) 10970
650 ## - SUBJECT ADDED ENTRY--TOPICAL TERM
Topical term or geographic name entry element Astronomy and Astrophysics Thesaurus
942 ## - ADDED ENTRY ELEMENTS (KOHA)
Koha item type Books
Holdings
Withdrawn status Lost status Damaged status Not for loan Home library Current library Shelving location Date acquired Total Checkouts Barcode Date last seen Price effective from Koha item type
        IIA Library-Bangalore IIA Library-Bangalore General Stacks 31/01/1992   11210 05/11/2021 31/01/1992 Books

Powered by Koha